Silicon Chemistry (Record no. 617276)

000 -LEADER
fixed length control field 00735nam a22002177a 4500
003 - CONTROL NUMBER IDENTIFIER
control field NUST
005 - DATE AND TIME OF LATEST TRANSACTION
control field 20260430123234.0
008 - FIXED-LENGTH DATA ELEMENTS--GENERAL INFORMATION
fixed length control field 260430b ||||| |||| 00| 0 eng d
020 ## - INTERNATIONAL STANDARD BOOK NUMBER
International Standard Book Number 0-7458-0528-0
082 ## - DEWEY DECIMAL CLASSIFICATION NUMBER
Classification number 546.6836
Author Mark SIL
100 ## - MAIN ENTRY--PERSONAL NAME
Personal name J.Y. Corey
9 (RLIN) 134302
245 ## - TITLE STATEMENT
Title Silicon Chemistry
Statement of responsibility, etc. J.Y. Corey E.R. Corey, P.P. Gaspar
260 ## - PUBLICATION, DISTRIBUTION, ETC.
Place of publication, distribution, etc. England
Name of publisher, distributor, etc. Ellis Horwood Limited
Date of publication, distribution, etc. 1988
300 ## - PHYSICAL DESCRIPTION
Extent 565p.
Other physical details Hb
440 ## - SERIES STATEMENT/ADDED ENTRY--TITLE
Title Silicon Chemistry
9 (RLIN) 134303
505 ## - FORMATTED CONTENTS NOTE
Statement of responsibility J.Y. Corey E.R. Corey, P.P. Gaspar
Title Silicon Chemistry
590 ## - LOCAL NOTE (RLIN)
Linkage (RLIN) Donated By Prof. Muhammad Mazhar
600 ## - SUBJECT ADDED ENTRY--PERSONAL NAME
Personal name J.Y. Corey E.R. Corey, P.P. Gaspar
9 (RLIN) 134304
700 ## - ADDED ENTRY--PERSONAL NAME
Personal name J.Y. Corey E.R. Corey, P.P. Gaspar
9 (RLIN) 134304
942 ## - ADDED ENTRY ELEMENTS (KOHA)
Source of classification or shelving scheme
Koha item type Book
Call number prefix 546.6836
Call number suffix 546.6836 SIL 1988
Holdings
Withdrawn status Lost status Source of classification or shelving scheme Damaged status Not for loan Permanent Location Current Location Shelving location Date acquired Shelving control number Total Checkouts Full call number Barcode Date last seen Price effective from Koha item type
          School of Natural Sciences (SNS) School of Natural Sciences (SNS) General Stacks 04/30/2026 Book Cart   546.6836 SIL SNS0003241 04/30/2026 04/30/2026 Book
© 2023 Central Library, National University of Sciences and Technology. All Rights Reserved.